000 00602nam a2200241Ia 4500
003 OSt
005 20220924133209.0
006 a|||||r|||| 00| 0
007 ta
008 220923b |||||||| |||| 00| 0 ben d
020 _a8177565095
024 _a259654
037 _cTextual
040 _aARTS
_cARTS
_bben
041 _2ben
_aben
082 _aO157,3x, P5
100 _aGhoshal Shukla Ed.
_9205842
245 0 _aBangnarib galpshatak
260 _c2005
650 _aBENGALI LITERATURE
942 _hO157,3x, P5
_cTEXL
_2CC
999 _c432927
_d432927